000 00456nab a2200145Ia 4500
003 ES-SlBCS
005 20210601132848.0
008 140529s1958 xxu||||| |||| 00| 0 ita d
041 _aita
100 1 _aRiva, Clemente
_936090
245 0 2 _aA proposito dell'origine dell'anima in A. Rosmini
_c Clemente Riva
600 1 4 _aRosmini-Origen del Alma
_9199615
773 0 _tGiornali di Metafisica
_gvol. 13, nº. 3, 1958, págs. 365-374
_w0017-0372
942 _cAR
999 _c586829
_d586829